[Event "DVM U20 2005"]
[Site "Berlin GER"]
[Date "2005.12.29"]
[Round "5"]
[White "Laake, Jasmin"]
[Black "Stejskal, Janina Maria"]
[Result "1/2-1/2"]
[Termination "normal"]
[Board "3.4"]
[WhiteElo "1974"]
[BlackElo "2045"]
[WhiteTeam "HSK-Post SV Hannover"]
[BlackTeam "Hamburger SK von 1830"]
[PlyCount "169"]
[WhiteFideId "4699939"]
[BlackFideId "24601942"]
[EventCountry "GER"]
[EventRounds "7"]
[EventType "team-swiss"]
[EventDate "2005.12.26"]

1. e4 e5 2. Nf3 d6 3. d4 exd4 4. Nxd4 Nf6 5. Nc3 Be7 6. Qf3 O-O 7. Nf5 Bxf5 8.
Qxf5 Nc6 9. Be3 Qc8 10. Qxc8 Raxc8 11. f3 Rfe8 12. O-O-O a6 13. Bc4 Ne5 14. Bb3
c5 15. Bd5 Nxd5 16. Nxd5 Bf8 17. b3 b5 18. Rd2 a5 19. Rhd1 c4 20. Bd4 b4 21.
Bb6 cxb3 22. axb3 Nc6 23. Ne3 a4 24. bxa4 Ra8 25. Nc4 Rxa4 26. Nxd6 Rea8 27.
Rd3 Ne5 28. Rb3 g6 29. Rd5 Ra1+ 30. Rb1 Bh6+ 31. Kb2 R8a2+ 32. Kb3 Ra3+ 33.
Kxb4 Rxb1+ 34. Kxa3 Rxb6 35. Ka4 Bf8 36. Nb5 Nc4 37. Rd8 Nb2+ 38. Ka5 Nc4+ 39.
Ka4 Ne3 40. Rd2 Rc6 41. Nd4 Rd6 42. c3 Nc4 43. Re2 Rb6 44. Nb5 Bg7 45. Kb4 Ne5
46. c4 Bf8+ 47. Kb3 Rc6 48. Rc2 Bc5 49. h3 Nd3 50. Rd2 Nf4 51. Ra2 Kg7 52. Rd2
Ra6 53. Nc7 Ra1 54. Nd5 Ne6 55. Kb2 Rg1 56. Kb3 Rc1 57. Nc3 Bd4 58. Nd5 Rb1+
59. Ka2 Ra1+ 60. Kb3 Nc5+ 61. Kb4 Rb1+ 62. Ka3 Rb3+ 63. Ka2 Be5 64. Rc2 Rb8 65.
Nc3 Ra8+ 66. Kb1 Nb3 67. Kb2 Rb8 68. Ka2 Nd4 69. Rd2 Ra8+ 70. Kb2 Nc6 71. Kb3
Na5+ 72. Kb4 Nc6+ 73. Kb3 Rb8+ 74. Kc2 Nb4+ 75. Kb3 Nd3+ 76. Nb5 Nf4 77. Kb4
Kh6 78. c5 Kh5 79. c6 Kh4 80. Rd7 Ne6 81. Ka5 Kg3 82. c7 Nxc7 83. Nxc7 Bxc7+
84. Rxc7 Rf8 85. h4 1/2-1/2

[Event "DVM U20 2005"]
[Site "Berlin GER"]
[Date "2005.12.29"]
[Round "5"]
[White "Salenko, Vadym"]
[Black "Wolf, Christoph"]
[Result "0-1"]
[Termination "normal"]
[Board "3.5"]
[WhiteElo "2005"]
[BlackElo "1954"]
[WhiteTeam "Hamburger SK von 1830"]
[BlackTeam "HSK-Post SV Hannover"]
[PlyCount "60"]
[WhiteFideId "14117320"]
[BlackFideId "24622877"]
[EventCountry "GER"]
[EventRounds "7"]
[EventType "team-swiss"]
[EventDate "2005.12.26"]

1. d4 f5 2. c4 Nf6 3. Nc3 d6 4. Nf3 g6 5. b3 Bg7 6. Bb2 O-O 7. e3 c6 8. Be2
Nbd7 9. Qc2 e5 10. dxe5 dxe5 11. Rd1 Qc7 12. O-O Ng4 13. Ng5 Ndf6 14. h3 Bh6
15. hxg4 Bxg5 16. gxf5 Bxf5 17. e4 Bg4 18. Rd3 Bf4 19. Rfd1 Qb6 20. Na4 Bh2+
21. Kf1 Qb4 22. Bc3 Qe7 23. Bf3 Bxf3 24. Rxf3 Ng4 25. Rdd3 Bf4 26. Ke2 Nh2 27.
Rh3 Qg5 28. Be1 Qxg2 29. Kd1 Rad8 30. Qe2 Qxh3 0-1

[Event "DVM U20 2005"]
[Site "Berlin GER"]
[Date "2005.12.29"]
[Round "5"]
[White "Wall, Max"]
[Black "Müller, Philipp"]
[Result "1/2-1/2"]
[Termination "normal"]
[Board "3.6"]
[WhiteElo "1889"]
[BlackElo "1994"]
[WhiteTeam "HSK-Post SV Hannover"]
[BlackTeam "Hamburger SK von 1830"]
[PlyCount "102"]
[WhiteFideId "24620530"]
[BlackFideId "24620262"]
[EventCountry "GER"]
[EventRounds "7"]
[EventType "team-swiss"]
[EventDate "2005.12.26"]

1. e4 c5 2. Nf3 e6 3. d4 cxd4 4. Nxd4 a6 5. Nc3 b5 6. Bd3 Bc5 7. Nb3 Be7 8. Qg4
Bf6 9. Bf4 d6 10. Qg3 e5 11. Be3 Ne7 12. Rd1 Be6 13. a4 b4 14. Ne2 O-O 15. O-O
Qc7 16. f4 d5 17. Nc5 Bc8 18. exd5 exf4 19. Qxf4 Qxf4 20. Nxf4 Bxb2 21. Be4 Nf5
22. Bf2 Nd6 23. Bf3 Nd7 24. Nxd7 Bxd7 25. Nd3 Nc4 26. Bc5 Rfe8 27. d6 Rab8 28.
Bd5 Be6 29. Bxc4 Bxc4 30. Nxb2 Bxf1 31. Kxf1 Red8 32. Nd3 b3 33. cxb3 Rxb3 34.
a5 Rb5 35. Rc1 f6 36. Ke2 Kf7 37. Kd2 Rxa5 38. Rc2 g6 39. Ke3 Rxc5 40. Rxc5
Rxd6 41. Rc7+ Kg8 42. Ra7 Re6+ 43. Kd2 Rb6 44. Kc3 Rc6+ 45. Kb3 Rd6 46. Kc4 Re6
47. Kd4 Re2 48. Nf4 Rf2 49. Ke3 Ra2 50. Kf3 Ra3+ 51. Kf2 Ra2+ 1/2-1/2

[Event "DVM U20 2005"]
[Site "Berlin GER"]
[Date "2005.12.29"]
[Round "5"]
[White "Zaragatski, Ilja"]
[Black "Hillmann, Michael"]
[Result "1-0"]
[Termination "normal"]
[Board "4.1"]
[WhiteElo "2376"]
[BlackElo "2067"]
[WhiteTeam "SG Bochum 31"]
[BlackTeam "SV Sangerhausen"]
[PlyCount "63"]
[WhiteFideId "4655192"]
[BlackFideId "24609889"]
[EventCountry "GER"]
[EventRounds "7"]
[EventType "team-swiss"]
[EventDate "2005.12.26"]

1. e4 d5 2. exd5 Qxd5 3. Nc3 Qd6 4. d4 Nf6 5. Nf3 a6 6. g3 Bg4 7. h3 Bxf3 8.
Qxf3 Nc6 9. Be3 g6 10. O-O-O Bg7 11. Bf4 Qd8 12. d5 Nb8 13. g4 h5 14. Bg2 Nbd7
15. Rhe1 hxg4 16. hxg4 Kf8 17. Rh1 Rxh1 18. Rxh1 Ng8 19. g5 Rc8 20. Bh3 Nb6 21.
Bxc8 Nxc8 22. Qg3 Nd6 23. Be5 Bxe5 24. Qxe5 Nf5 25. Ne4 b6 26. Ng3 Nxg3 27.
fxg3 Qd6 28. Re1 Qxe5 29. Rxe5 Ke8 30. Re3 Kd7 31. Ra3 a5 32. b4 1-0

[Event "DVM U20 2005"]
[Site "Berlin GER"]
[Date "2005.12.29"]
[Round "5"]
[White "Günther, Christian"]
[Black "Zhang, Fan"]
[Result "0-1"]
[Termination "normal"]
[Board "4.2"]
[WhiteElo "2029"]
[BlackElo "2065"]
[WhiteTeam "SV Sangerhausen"]
[BlackTeam "SG Bochum 31"]
[PlyCount "100"]
[WhiteFideId "24659380"]
[BlackFideId "24609730"]
[EventCountry "GER"]
[EventRounds "7"]
[EventType "team-swiss"]
[EventDate "2005.12.26"]

1. d4 Nf6 2. c4 e6 3. Nc3 Bb4 4. e3 O-O 5. Bd3 c5 6. Nf3 Nc6 7. Bd2 cxd4 8.
exd4 d5 9. cxd5 Nxd5 10. O-O h6 11. a3 Be7 12. Rc1 Nxc3 13. Bxc3 Bf6 14. Be4
Ne7 15. Qb3 Nd5 16. Bxd5 Qxd5 17. Qxd5 exd5 18. Ne5 Bf5 19. h3 Rac8 20. g4 Be6
21. f4 Rc7 22. Ba5 Rxc1 23. Rxc1 Rc8 24. Rxc8+ Bxc8 25. Kg2 g6 26. Kg3 Kg7 27.
Bc3 Bd8 28. h4 f6 29. Nd3 Kf7 30. Kf3 h5 31. g5 Bf5 32. Nf2 Ke6 33. Bd2 Bc2 34.
Nh3 Kf5 35. Nf2 Bc7 36. Be3 Be4+ 37. Nxe4 dxe4+ 38. Ke2 fxg5 39. fxg5 a6 40.
Bf2 Kf4 41. Be3+ Kf5 42. Bf2 Ke6 43. Ke3 Kd5 44. Be1 Bb8 45. a4 b5 46. a5 Ba7
47. Bc3 b4 48. Bxb4 Bxd4+ 49. Kf4 Bxb2 50. Bd2 Be5+ 0-1

[Event "DVM U20 2005"]
[Site "Berlin GER"]
[Date "2005.12.29"]
[Round "5"]
[White "Pilat, Daniel"]
[Black "Strache, Michael"]
[Result "1-0"]
[Termination "normal"]
[Board "4.3"]
[WhiteElo "2144"]
[BlackElo "2066"]
[WhiteTeam "SG Bochum 31"]
[BlackTeam "SV Sangerhausen"]
[PlyCount "53"]
[WhiteFideId "24602116"]
[BlackFideId "4693183"]
[EventCountry "GER"]
[EventRounds "7"]
[EventType "team-swiss"]
[EventDate "2005.12.26"]

1. e4 d5 2. exd5 Qxd5 3. Nc3 Qa5 4. Bc4 Nf6 5. d4 Nc6 6. Be3 Bg4 7. f3 Bh5 8.
Nge2 O-O-O 9. Qc1 e5 10. d5 Nd4 11. O-O Nxe2+ 12. Bxe2 Nxd5 13. Nxd5 Rxd5 14.
c4 Rd8 15. c5 e4 16. Qc4 exf3 17. Bxf3 Bxf3 18. Rxf3 f6 19. Bf2 Qd2 20. Qa4 Be7
21. c6 a5 22. Qb5 Qb4 23. Qf5+ Kb8 24. Rb3 bxc6 25. Rxb4+ axb4 26. Qa5 Kc8 27.
Bc5 1-0

[Event "DVM U20 2005"]
[Site "Berlin GER"]
[Date "2005.12.29"]
[Round "5"]
[White "Wendling, Hannes"]
[Black "Mazarov, Jürgen"]
[Result "1/2-1/2"]
[Termination "normal"]
[Board "4.4"]
[WhiteElo "2088"]
[BlackElo "1999"]
[WhiteTeam "SV Sangerhausen"]
[BlackTeam "SG Bochum 31"]
[PlyCount "97"]
[WhiteFideId "24624284"]
[BlackFideId "24617768"]
[EventCountry "GER"]
[EventRounds "7"]
[EventType "team-swiss"]
[EventDate "2005.12.26"]

1. e4 c5 2. Nf3 d6 3. d4 cxd4 4. Nxd4 Nf6 5. Nc3 a6 6. f3 e6 7. Be3 Be7 8. Qd2
Nc6 9. O-O-O O-O 10. g4 Nd7 11. Kb1 Nde5 12. Qg2 b5 13. h4 Bb7 14. g5 b4 15.
Nce2 Nc4 16. Bc1 Rc8 17. h5 Qd7 18. g6 Nxd4 19. gxh7+ Kxh7 20. Nxd4 Bf6 21. Nb3
Qc7 22. Bxc4 Qxc4 23. Na5 Qc7 24. Nxb7 Qxb7 25. Rxd6 a5 26. Qe2 Be5 27. Rd3 Qc7
28. Rhd1 a4 29. Rd7 Qb8 30. Qa6 a3 31. Rb7 Qa8 32. Qxa8 Rxa8 33. Rxb4 axb2 34.
Bxb2 Bxb2 35. Rxb2 Ra5 36. c4 Rxh5 37. Rb5 Rh3 38. Rd3 Rc8 39. c5 g5 40. Kc2
Kg6 41. a4 f5 42. a5 fxe4 43. fxe4 g4 44. Kd2 Kf6 45. a6 g3 46. Rb1 Rxc5 47.
Ra1 Rh2+ 48. Ke3 g2 49. Rg1 1/2-1/2

[Event "DVM U20 2005"]
[Site "Berlin GER"]
[Date "2005.12.29"]
[Round "5"]
[White "Fuhrmann, Marc Andre"]
[Black "Bürckner, Georg"]
[Result "1/2-1/2"]
[Termination "normal"]
[Board "4.5"]
[WhiteElo "1993"]
[BlackElo "1816"]
[WhiteTeam "SG Bochum 31"]
[BlackTeam "SV Sangerhausen"]
[PlyCount "59"]
[WhiteFideId "4696980"]
[BlackFideId "24646903"]
[EventCountry "GER"]
[EventRounds "7"]
[EventType "team-swiss"]
[EventDate "2005.12.26"]

1. d4 Nf6 2. c4 g6 3. Nc3 d5 4. Bf4 Bg7 5. Nf3 O-O 6. e3 c6 7. Bd3 dxc4 8. Bxc4
Nbd7 9. h3 Nb6 10. Bb3 Nbd5 11. Bh2 Nxc3 12. bxc3 Qa5 13. Rc1 Ne4 14. O-O c5
15. Ne5 Nd6 16. Qf3 Bf5 17. Nc4 Nxc4 18. Bxc4 Rac8 19. Qxb7 cxd4 20. cxd4 Qa3
21. g4 Bd3 22. Bxf7+ Kxf7 23. Rxc8 Rxc8 24. Qxc8 Bxf1 25. Kxf1 Qxa2 26. Qc6 a5
27. Qe4 a4 28. d5 a3 29. Qe6+ Kf8 30. Qc8+ 1/2-1/2

[Event "DVM U20 2005"]
[Site "Berlin GER"]
[Date "2005.12.29"]
[Round "5"]
[White "Richter, Dustin"]
[Black "Neftik, Ilja"]
[Result "0-1"]
[Termination "normal"]
[Board "4.6"]
[WhiteElo "1432"]
[BlackElo "1587"]
[WhiteTeam "SV Sangerhausen"]
[BlackTeam "SG Bochum 31"]
[PlyCount "56"]
[WhiteFideId "4649001"]
[EventCountry "GER"]
[EventRounds "7"]
[EventType "team-swiss"]
[EventDate "2005.12.26"]

1. e4 e5 2. Nf3 Nc6 3. Bb5 d6 4. d4 exd4 5. Nxd4 Bd7 6. O-O Nxd4 7. Bxd7+ Qxd7
8. Qxd4 c5 9. Qd3 Be7 10. Nc3 Nf6 11. h3 O-O 12. Bf4 Rfe8 13. Rad1 Rad8 14. g4
Qc6 15. Bg3 a6 16. f3 Qb6 17. Na4 Qc6 18. Nc3 Qb6 19. b3 d5 20. exd5 c4+ 21.
Bf2 Qxf2+ 22. Rxf2 cxd3 23. Rxd3 Bc5 24. Kg2 Bxf2 25. Kxf2 Rc8 26. Kg3 h6 27.
h4 Re7 28. Kf4 Rxc3 0-1

[Event "DVM U20 2005"]
[Site "Berlin GER"]
[Date "2005.12.29"]
[Round "5"]
[White "Seiler, Sascha"]
[Black "Armbrust, Florian"]
[Result "0-1"]
[Termination "normal"]
[Board "5.1"]
[WhiteElo "2043"]
[BlackElo "2280"]
[WhiteTeam "Heilbronner SV"]
[BlackTeam "TSV Schott Mainz"]
[PlyCount "68"]
[WhiteFideId "24630594"]
[BlackFideId "4691350"]
[EventCountry "GER"]
[EventRounds "7"]
[EventType "team-swiss"]
[EventDate "2005.12.26"]

1. Nf3 Nf6 2. d4 g6 3. c4 Bg7 4. Nc3 O-O 5. g3 d6 6. Bg2 Nbd7 7. O-O e5 8. e4
c6 9. h3 exd4 10. Nxd4 Qb6 11. Nb3 Qb4 12. Be3 a5 13. a3 Qxc4 14. Rc1 Qe6 15.
Nd4 Qe7 16. b4 axb4 17. axb4 Ne5 18. Qe2 Be6 19. Nxe6 Qxe6 20. f4 Nc4 21. Bd4
b5 22. g4 Nd7 23. Qf2 Ra3 24. Bxg7 Kxg7 25. Qh4 Ne3 26. Rfe1 Nxg2 27. Kxg2 Qb3
28. g5 Qxb4 29. Qh6+ Kh8 30. f5 Rxc3 31. f6 Rg8 32. Ra1 Qb2+ 33. Kh1 Rc2 34.
Rg1 Rh2# 0-1

[Event "DVM U20 2005"]
[Site "Berlin GER"]
[Date "2005.12.29"]
[Round "5"]
[White "Lohr, Matthias"]
[Black "Bissbort, Julian"]
[Result "0-1"]
[Termination "normal"]
[Board "5.2"]
[WhiteElo "2146"]
[BlackElo "2034"]
[WhiteTeam "TSV Schott Mainz"]
[BlackTeam "Heilbronner SV"]
[PlyCount "128"]
[WhiteFideId "4692772"]
[BlackFideId "24618144"]
[EventCountry "GER"]
[EventRounds "7"]
[EventType "team-swiss"]
[EventDate "2005.12.26"]

1. d4 Nf6 2. c4 e5 3. dxe5 Ne4 4. Nd2 Bb4 5. g3 Qe7 6. Bg2 Nxd2 7. Bxd2 Nc6 8.
f4 b6 9. Nf3 Bb7 10. a3 Bxd2+ 11. Qxd2 Rd8 12. Qc3 O-O 13. O-O d6 14. exd6 Rxd6
15. e4 Qxe4 16. Ne5 Qf5 17. Rae1 Na5 18. g4 Qc8 19. Bh3 Ba8 20. Rf2 Nc6 21. g5
Qd8 22. Nf3 Rd3 23. Qc2 Rxf3 24. Rxf3 Nd4 25. Rd3 Nxc2 26. Rxd8 Rxd8 27. Re7
Nd4 28. Rxc7 Ne2+ 29. Kf2 Nxf4 30. Bf5 g6 31. Bb1 a5 32. c5 Ne6 33. Re7 bxc5
34. Ba2 Bd5 35. Bb1 a4 36. Ra7 Bb3 37. h4 Rd2+ 38. Ke3 Rxb2 39. Be4 Rh2 40. h5
Rh3+ 41. Kf2 Rxh5 42. Bf3 Rxg5 43. Ra8+ Kg7 44. Ra7 c4 45. Be4 c3 46. Ra8 c2
47. Bxc2 Bxc2 48. Rc8 Bb3 49. Rc3 Rc5 50. Re3 Rc2+ 51. Kg3 Ra2 52. Kh4 Rxa3 53.
Rg3 Ra2 54. Kh3 Nf4+ 55. Kh4 Rh2+ 56. Kg4 Rg2 57. Rxg2 Nxg2 58. Kg3 a3 59. Kh2
a2 60. Kg3 a1=Q 61. Kh2 Qc3 62. Kh1 Nf4 63. Kg1 Qd2 64. Kh1 Qg2# 0-1

[Event "DVM U20 2005"]
[Site "Berlin GER"]
[Date "2005.12.29"]
[Round "5"]
[White "Geschnizjani, Ramin Tobias"]
[Black "Kühner, Christian"]
[Result "0-1"]
[Termination "normal"]
[Board "5.3"]
[WhiteElo "1945"]
[BlackElo "2143"]
[WhiteTeam "Heilbronner SV"]
[BlackTeam "TSV Schott Mainz"]
[PlyCount "76"]
[WhiteFideId "24633089"]
[BlackFideId "4679440"]
[EventCountry "GER"]
[EventRounds "7"]
[EventType "team-swiss"]
[EventDate "2005.12.26"]

1. e4 c5 2. Nc3 Nc6 3. f4 g6 4. Nf3 Bg7 5. Bc4 e6 6. f5 Nge7 7. fxe6 dxe6 8.
O-O O-O 9. d3 b6 10. Qe1 Nd4 11. Qf2 Nec6 12. Ng5 Qe7 13. Be3 h6 14. Nh3 Ne5
15. Bf4 g5 16. Bxe5 Bxe5 17. Kh1 Bb7 18. a4 Kh7 19. Rae1 g4 20. Nf4 Bxf4 21.
Qxf4 Nxc2 22. Re2 Nd4 23. Ref2 f5 24. Qe5 Qg7 25. Qxg7+ Kxg7 26. exf5 exf5 27.
Bb5 Rad8 28. Re1 Nxb5 29. Nxb5 Rf7 30. Rfe2 Rxd3 31. Re6 Rfd7 32. Kg1 Rd2 33.
Re7+ Kf6 34. R7e6+ Kg5 35. g3 Rg2+ 36. Kf1 Rdd2 37. R1e2 Rxh2 38. Ke1 Rxb2 0-1

[Event "DVM U20 2005"]
[Site "Berlin GER"]
[Date "2005.12.29"]
[Round "5"]
[White "Fragin, Ilja"]
[Black "Witte, Stefan"]
[Result "0-1"]
[Termination "normal"]
[Board "5.4"]
[WhiteElo "2042"]
[BlackElo "1981"]
[WhiteTeam "TSV Schott Mainz"]
[BlackTeam "Heilbronner SV"]
[PlyCount "58"]
[WhiteFideId "24621170"]
[EventCountry "GER"]
[EventRounds "7"]
[EventType "team-swiss"]
[EventDate "2005.12.26"]

1. e4 c5 2. Nf3 e6 3. c3 d5 4. exd5 Qxd5 5. d4 Nc6 6. Bd3 cxd4 7. cxd4 Nf6 8.
O-O a6 9. Nc3 Qd8 10. Re1 Be7 11. Bf4 O-O 12. Rc1 Bd7 13. Bb1 Rc8 14. a3 Nd5
15. Nxd5 exd5 16. Qb3 Bf6 17. Qxd5 Bg4 18. Qe4 g6 19. Ne5 Bf5 20. Nxc6 Rxc6 21.
Qf3 Bxb1 22. Rxc6 bxc6 23. Rxb1 Qxd4 24. Bh6 Rd8 25. h3 Rd6 26. Qe2 Re6 27.
Qxa6 Qe4 28. Qf1 g5 29. f4 Bd4+ 0-1

[Event "DVM U20 2005"]
[Site "Berlin GER"]
[Date "2005.12.29"]
[Round "5"]
[White "Becker, Johannes"]
[Black "Katte, Isabel"]
[Result "0-1"]
[Termination "normal"]
[Board "5.5"]
[WhiteElo "1744"]
[BlackElo "1950"]
[WhiteTeam "Heilbronner SV"]
[BlackTeam "TSV Schott Mainz"]
[PlyCount "62"]
[BlackFideId "24612987"]
[EventCountry "GER"]
[EventRounds "7"]
[EventType "team-swiss"]
[EventDate "2005.12.26"]

1. e4 e5 2. Nf3 Nf6 3. Nxe5 d6 4. Nf3 Nxe4 5. d3 Nf6 6. Be2 Nc6 7. Bg5 h6 8.
Bh4 Be7 9. Nbd2 Be6 10. h3 Qd7 11. d4 O-O-O 12. c4 d5 13. c5 Ne4 14. Bxe7 Qxe7
15. O-O g5 16. Bb5 Bd7 17. Re1 f5 18. Bxc6 Bxc6 19. Ne5 Qf6 20. b4 h5 21. Nxc6
Qxc6 22. Nf3 g4 23. Ne5 Qf6 24. c6 gxh3 25. cxb7+ Kxb7 26. Qe2 Rhg8 27. Qb5+
Qb6 28. Qxb6+ cxb6 29. Kh2 Rxg2+ 30. Kxh3 Rdg8 31. Kh4 Rh2# 0-1

[Event "DVM U20 2005"]
[Site "Berlin GER"]
[Date "2005.12.29"]
[Round "5"]
[White "Khalat, David"]
[Black "Tschlatscher, Thomas"]
[Result "0-1"]
[Termination "normal"]
[Board "5.6"]
[WhiteElo "1640"]
[BlackElo "1742"]
[WhiteTeam "TSV Schott Mainz"]
[BlackTeam "Heilbronner SV"]
[PlyCount "64"]
[BlackFideId "24635863"]
[EventCountry "GER"]
[EventRounds "7"]
[EventType "team-swiss"]
[EventDate "2005.12.26"]

1. e4 e5 2. Nf3 Nf6 3. Nc3 Nc6 4. Bc4 Bc5 5. O-O d6 6. h3 Be6 7. Bxe6 fxe6 8.
d3 h6 9. Be3 Bb6 10. Bxb6 axb6 11. Nh2 O-O 12. Ng4 Qe7 13. f4 exf4 14. Rxf4 e5
15. Rf1 Rae8 16. Re1 Nd4 17. Nxf6+ Qxf6 18. Rf1 Qg5 19. Kh1 Rxf1+ 20. Qxf1 Nxc2
21. Rb1 Ne3 22. Qe2 Rf8 23. Re1 Qg3 24. Nd1 Nxd1 25. Rxd1 Rf2 26. Qg4 Qxg4 27.
hxg4 Rxb2 28. Rc1 c6 29. a4 Rb3 30. Rd1 Ra3 31. d4 Rxa4 32. dxe5 dxe5 0-1

[Event "DVM U20 2005"]
[Site "Berlin GER"]
[Date "2005.12.29"]
[Round "5"]
[White "Hörr, Matthias"]
[Black "Hilverda, Alexander"]
[Result "1-0"]
[Termination "normal"]
[Board "6.1"]
[WhiteElo "2089"]
[BlackElo "2156"]
[WhiteTeam "SK König Plauen"]
[BlackTeam "Heeper SK von 73"]
[PlyCount "59"]
[WhiteFideId "4681398"]
[BlackFideId "4695437"]
[EventCountry "GER"]
[EventRounds "7"]
[EventType "team-swiss"]
[EventDate "2005.12.26"]

1. e4 c5 2. Nf3 e6 3. d4 cxd4 4. Nxd4 a6 5. Bd3 Bc5 6. Nb3 Be7 7. O-O d6 8. Be3
Nf6 9. c4 b6 10. f4 Nc6 11. a3 Bb7 12. Nc3 O-O 13. Qe2 Qc7 14. Rac1 Rac8 15. h3
Nd7 16. Nd5 exd5 17. cxd5 Nc5 18. dxc6 Nxb3 19. Rc3 Bxc6 20. Rxb3 b5 21. Bd4
Rfe8 22. Qg4 Bf8 23. f5 Kh8 24. Bb1 f6 25. Rg3 Qe7 26. Re1 Bd5 27. b3 Bf7 28.
Qh4 d5 29. e5 fxe5 30. f6 1-0

[Event "DVM U20 2005"]
[Site "Berlin GER"]
[Date "2005.12.29"]
[Round "5"]
[White "Dahmen, Christoph"]
[Black "Pfeufer, Lion"]
[Result "1-0"]
[Termination "normal"]
[Board "6.2"]
[WhiteElo "2088"]
[BlackElo "2008"]
[WhiteTeam "Heeper SK von 73"]
[BlackTeam "SK König Plauen"]
[PlyCount "67"]
[WhiteFideId "4692160"]
[BlackFideId "4681444"]
[EventCountry "GER"]
[EventRounds "7"]
[EventType "team-swiss"]
[EventDate "2005.12.26"]

1. d4 Nf6 2. c4 g6 3. Nc3 Bg7 4. e4 d6 5. Nf3 O-O 6. Be2 e5 7. O-O Nc6 8. d5
Ne7 9. b4 Nh5 10. Re1 a5 11. Ba3 f5 12. bxa5 Rxa5 13. Bb4 Ra8 14. c5 Nf6 15.
Ng5 Nxe4 16. Ncxe4 fxe4 17. cxd6 cxd6 18. Nxe4 Rf4 19. Bf3 Ra6 20. g3 Rf8 21.
Be2 Ra8 22. Nxd6 Qb6 23. Nxc8 Qxb4 24. Rb1 Qc5 25. Nxe7+ Qxe7 26. Qb3 Qc5 27.
Rf1 e4 28. Rbc1 Qa7 29. Rc7 Bd4 30. d6+ Kh8 31. Qe6 Rxf2 32. Rxf2 Bxf2+ 33. Kg2
Qd4 34. Qf7 1-0

[Event "DVM U20 2005"]
[Site "Berlin GER"]
[Date "2005.12.29"]
[Round "5"]
[White "Lozovoy, Sergej"]
[Black "Beckmann, Emanuel"]
[Result "1-0"]
[Termination "normal"]
[Board "6.3"]
[WhiteElo "1976"]
[BlackElo "1914"]
[WhiteTeam "SK König Plauen"]
[BlackTeam "Heeper SK von 73"]
[PlyCount "63"]
[BlackFideId "24608025"]
[EventCountry "GER"]
[EventRounds "7"]
[EventType "team-swiss"]
[EventDate "2005.12.26"]

1. Nf3 Nf6 2. c4 g6 3. b4 Bg7 4. Bb2 O-O 5. e3 c6 6. Be2 Qb6 7. a3 d6 8. O-O a5
9. b5 d5 10. Nc3 dxc4 11. Bxc4 cxb5 12. Nxb5 Nc6 13. Rb1 Bf5 14. d3 Qd8 15.
Nbd4 Bd7 16. Ba1 Nxd4 17. Nxd4 Bc6 18. Nxc6 bxc6 19. Be5 Nd5 20. Bxg7 Kxg7 21.
Rb7 Qd6 22. Qa1+ Kg8 23. d4 h5 24. Rfb1 Nf6 25. Qb2 Ng4 26. g3 h4 27. Bf1 hxg3
28. hxg3 e5 29. Bh3 Qe6 30. dxe5 Rfe8 31. Qd4 Qd5 32. Qxg4 1-0

[Event "DVM U20 2005"]
[Site "Berlin GER"]
[Date "2005.12.29"]
[Round "5"]
[White "Ebert, Manuel"]
[Black "Butzke, Daniel"]
[Result "1/2-1/2"]
[Termination "normal"]
[Board "6.4"]
[WhiteElo "1999"]
[BlackElo "1999"]
[WhiteTeam "Heeper SK von 73"]
[BlackTeam "SK König Plauen"]
[PlyCount "90"]
[WhiteFideId "24621102"]
[BlackFideId "4690028"]
[EventCountry "GER"]
[EventRounds "7"]
[EventType "team-swiss"]
[EventDate "2005.12.26"]

1. e4 e6 2. d4 d5 3. Nc3 Nf6 4. Bg5 Be7 5. e5 Nfd7 6. h4 Bxg5 7. hxg5 Qxg5 8.
Nh3 Qe7 9. Qd2 a6 10. O-O-O c5 11. f4 Nc6 12. dxc5 Nxc5 13. Qf2 Bd7 14. Qg3 g6
15. Nf2 O-O-O 16. Ng4 h5 17. Nf6 Kb8 18. Nb1 Na7 19. Na3 Bc6 20. Be2 Nd7 21.
Nxd7+ Rxd7 22. Qb3 Ka8 23. c3 Rc8 24. Kb1 Rdc7 25. Rh2 Qe8 26. Rd4 Bd7 27. Rh3
Nc6 28. Rd2 Qe7 29. Qd1 Na5 30. Qf1 b5 31. Rd1 Nc4 32. Bxc4 bxc4 33. Ka1 Rb8
34. Rh2 Rcb7 35. g3 Ba4 36. Rc1 {(=)} Rb6 37. Qg1 Qb7 38. Rb1 Qc7 39. Rd2 R6b7
40. Qf2 Qe7 41. Re1 Qc7 42. Rb1 Qa5 43. Qe2 Be8 44. Rg1 Qc5 45. Re1 Qa5 1/2-1/2

[Event "DVM U20 2005"]
[Site "Berlin GER"]
[Date "2005.12.29"]
[Round "5"]
[White "Titz, Johannes"]
[Black "Fox, Daniel"]
[Result "1/2-1/2"]
[Termination "normal"]
[Board "6.5"]
[WhiteElo "1965"]
[BlackElo "2009"]
[WhiteTeam "SK König Plauen"]
[BlackTeam "Heeper SK von 73"]
[PlyCount "85"]
[WhiteFideId "24637165"]
[BlackFideId "24623172"]
[EventCountry "GER"]
[EventRounds "7"]
[EventType "team-swiss"]
[EventDate "2005.12.26"]

1. f4 d5 2. Nf3 Nf6 3. e3 Bf5 4. Be2 e6 5. O-O c5 6. b3 Nc6 7. a4 d4 8. Na3
dxe3 9. dxe3 Be7 10. Bb5 Qc7 11. Qe2 O-O 12. Bb2 Ne4 13. Bxc6 Qxc6 14. Ne5 Qc8
15. g4 Bg6 16. Nac4 b6 17. Rad1 Rd8 18. Rxd8+ Bxd8 19. Rd1 Nf6 20. Nxg6 hxg6
21. Qf3 Be7 22. Ne5 Qe8 23. g5 Nd5 24. c4 Nb4 25. h4 Rd8 26. Kg2 a6 27. Bc3 b5
28. axb5 axb5 29. Ra1 bxc4 30. bxc4 Bd6 31. Kg3 Bxe5 32. Bxe5 Qd7 33. Ra8 Nc2
34. Rxd8+ Qxd8 35. Qe2 Nb4 36. Qb2 Nd3 37. Qb8 Qxb8 38. Bxb8 f6 39. Kf3 Kf7 40.
Ke2 Nb2 41. Bd6 Nxc4 42. Bxc5 Na5 43. Bd4 1/2-1/2

[Event "DVM U20 2005"]
[Site "Berlin GER"]
[Date "2005.12.29"]
[Round "5"]
[White "Speitel, Sebastian"]
[Black "Franz, Tobias"]
[Result "1-0"]
[Termination "normal"]
[Board "6.6"]
[WhiteElo "1677"]
[BlackElo "1703"]
[WhiteTeam "Heeper SK von 73"]
[BlackTeam "SK König Plauen"]
[PlyCount "37"]
[EventCountry "GER"]
[EventRounds "7"]
[EventType "team-swiss"]
[EventDate "2005.12.26"]

1. Nf3 Nf6 2. g3 d5 3. Bg2 Nc6 4. O-O e5 5. d3 Be7 6. Nbd2 O-O 7. Re1 Bc5 8. h3
h6 9. e4 Re8 10. exd5 Nxd5 11. Nc4 Qf6 12. d4 Nxd4 13. Nxd4 exd4 14. Rxe8+ Kh7
15. Bxd5 g6 16. Bf4 Qf5 17. Be5 f6 18. Bg8+ Kg7 19. Bxd4 1-0

[Event "DVM U20 2005"]
[Site "Berlin GER"]
[Date "2005.12.29"]
[Round "5"]
[White "Pilgram, Alexander"]
[Black "Süß, Stefan"]
[Result "1-0"]
[Termination "normal"]
[Board "7.1"]
[WhiteElo "1922"]
[BlackElo "2021"]
[WhiteTeam "SG Porz"]
[BlackTeam "FSV Großenseebach"]
[PlyCount "85"]
[BlackFideId "24606090"]
[EventCountry "GER"]
[EventRounds "7"]
[EventType "team-swiss"]
[EventDate "2005.12.26"]

1. e4 c6 2. Nc3 d5 3. d3 e5 4. g3 Nf6 5. Bg2 h6 6. Nge2 d4 7. Nb1 c5 8. O-O Nc6
9. f4 Qc7 10. Nd2 a6 11. Nf3 Bd6 12. c3 Bg4 13. cxd4 Nxd4 14. Nexd4 cxd4 15.
fxe5 Bxe5 16. Qb3 Bxf3 17. Rxf3 O-O 18. Bd2 Rac8 19. Bh3 Rb8 20. Rc1 Qe7 21.
Rf5 Rfd8 22. Bb4 Qe8 23. Rf2 Nd7 24. Rcf1 Nf6 25. a4 Qc6 26. Rc2 Qb6 27. a5 Qb5
28. Qa3 Qe8 29. Be7 Rdc8 30. Rxc8 Rxc8 31. Bxc8 Qxc8 32. Bxf6 Bxf6 33. Qb3 Qd7
34. Rf5 Bg5 35. Qd5 Qc7 36. Qxd4 Qc1+ 37. Kg2 Qd2+ 38. Rf2 Qe1 39. Qc3 Qe3 40.
Qc8+ Kh7 41. Qf5+ Kh8 42. Qd5 Bf6 43. Rc2 1-0